000 00578nam a22001817a 4500
005 20251108163338.0
008 250721s1965 xx 000 0 ara d
082 1 4 _a170/كان
100 1 _aامانويل، كانت
245 1 0 _aتأسيس ميتافيزيقا الأخلاق /
264 1 _aالقاهرة :
_bالدار القومية للطباعة والنشر،
_c1965.
300 _a139ص
490 0 _aالمكتبة العربية
650 1 7 _aالأخلاق
700 1 _aمكاوى، عليه عبد الغفار
_eترجمة
942 _2ddc
_cBK
999 _c344
_d344